Władysław Raczkiewicz 1885-1947 : (Rekord nr 27860)
| 000 -Nagłówek | |
|---|---|
| fixed length control field | 02557cam a2200565 i 4500 |
| 001 - Nr kontrolny bibl., która utworzyła rek. | |
| control field | xx004997251 |
| 003 - Siglum bibl., której nr kontr. jest w 001 | |
| control field | NUKAT |
| 005 - Data i czas ostatniej operacji | |
| control field | 20260429111059.0 |
| 008 - Elementy pola stałej długości | |
| fixed length control field | 201116s2020 pl a |001 0bpol c |
| 020 ## - ISBN | |
| ISBN | 9788380982048 |
| dopowiedzenie | (oprawa twarda) : |
| warunki dostępności | zł 69,00 |
| 035 ## - Systemowy numer kontrolny | |
| systemowy numer kontrolny | (OCoLC)1225234931 |
| 035 ## - Systemowy numer kontrolny | |
| systemowy numer kontrolny | (NUKAT)xx004997251 |
| 040 ## - Instytucja sporządzająca opis | |
| Instytucja, która sporządziła opis | KAT U/JP |
| język katalgowania-trzyzn. kod | pol |
| zasady opisu | rda |
| Instytucja, która sporządziła rekord | KAT U/JPs |
| Instytucja, która zmodyfikowała rekord | KAT U/JP |
| -- | WR O/KBs |
| -- | WA 14/ABs |
| -- | OLSZT 008/bak |
| 041 1# - Kod nazwy języka dokumentu | |
| Język tekstu | pol |
| Język streszczeń | eng |
| Language code of original | pol |
| 045 2# - Okres czasu dla zawartości | |
| czas między r. 9999 pne a nasz. czas. | d1885 |
| -- | d1947 |
| 046 ## - Kod rodz. daty, data1, data2 (daty pne) | |
| Begin/single date | 2020 |
| 100 1# - Hasło główne-nazwa osobowa | |
| Nazwa osobowa | Moskała, Katarzyna. |
| rodzaj współpracy | Autor |
| 9 (RLIN) | 40842 |
| 245 10 - Tytuł właściwy i oznaczenie odpow. | |
| tytuł | Władysław Raczkiewicz 1885-1947 : |
| dodatek do tytułu | prezydent RP na uchodźstwie : biografia fotograficzna / |
| dod. inf. ze s. tyt./ozn. odpow. | Katarzyna Moskała, Mirosław A. Supruniuk ; tłumaczenie streszczenia: Wojciech Kallas ; Instytut Pamięci Narodowej - Komisja Ścigania Zbrodni Przeciwko Narodowi Polskiemu, Województwo Kujawsko-Pomorskie. |
| 260 ## - Adres wydawniczy | |
| miejsce wydania, dystrybucji itp. | Warszawa : |
| nazwa wydawcy, dystrybutora itp. | Instytut Pamięci Narodowej - Komisja Ścigania Zbrodni Przeciwko Narodowi Polskiemu : |
| -- | Województwo Kujawsko-Pomorskie, |
| data wydania, dystrybucji itp. | 2020. |
| 300 ## - Opis fizyczny | |
| objętość i/lub forma materiału | 478, [1] strona : |
| inne szczegóły opisu fizycznego | ilustracje ; |
| format | 30 cm. |
| 336 ## - Content Type | |
| Term | Tekst |
| Code | txt |
| Source | rdacontent |
| 336 ## - Content Type | |
| Term | Obraz |
| Code | sti |
| Source | rdacontent |
| 337 ## - Media Type | |
| Term | Bez urządzenia pośredniczącego |
| Code | n |
| Source | rdamedia |
| 338 ## - Carrier Type | |
| Term | Wolumin |
| Code | nc |
| Source | rdacarrier |
| 380 ## - Form of work | |
| Form of work | Albumy i książki artystyczne |
| 380 ## - Form of work | |
| Form of work | Książki |
| 380 ## - Form of work | |
| Form of work | Publikacje popularnonaukowe |
| 388 1# - TIME PERIOD OF CREATION | |
| Time period of creation term | 2001- |
| 490 1# - Tytuł serii i ks. wielotom.-nie do wysz. | |
| oznaczenie serii | Centralny Projekt Badawczy IPN Polska Emigracja Niepodległościowa 1945-1990 |
| 504 ## - Uwaga o bibliografii | |
| uwaga o bibliografii | Bibliografia na stronach 72-73. Indeks. |
| 546 ## - Uwaga o języku opisywanego materiału | |
| uwaga o języku | Streszczenie angielskie. |
| 600 17 - Hasło przedmiotowe-nazwa osobowa | |
| nazwa osobowa | Raczkiewicz, Władysław |
| daty biograficzne | (1885-1947) |
| źródło hasła | DBN |
| 9 (RLIN) | 40845 |
| 600 17 - Hasło przedmiotowe-nazwa osobowa | |
| nazwa osobowa | Raczkiewicz, Władysław |
| daty biograficzne | (1885-1947) |
| określnik formy | biografie. |
| źródło hasła | kaba |
| 9 (RLIN) | 40846 |
| 600 17 - Hasło przedmiotowe-nazwa osobowa | |
| nazwa osobowa | Raczkiewicz, Władysław |
| daty biograficzne | (1885-1947) |
| określnik formy | fotografie. |
| źródło hasła | kaba |
| 9 (RLIN) | 40847 |
| 648 #7 - SUBJECT ADDED ENTRY--CHRONOLOGICAL TERM | |
| Chronological term | 1801-1900 |
| Source of heading or term | DBN |
| 9 (RLIN) | 36037 |
| 648 #7 - SUBJECT ADDED ENTRY--CHRONOLOGICAL TERM | |
| Chronological term | 1901-2000 |
| Source of heading or term | DBN |
| 9 (RLIN) | 34996 |
| 650 #7 - Hasło przedmiotowe-nazwa pospolita | |
| nazwa pospolita lub geogr. | Emigracja polityczna |
| źródło hasła | DBN |
| 9 (RLIN) | 37405 |
| 650 #7 - Hasło przedmiotowe-nazwa pospolita | |
| nazwa pospolita lub geogr. | Politycy |
| źródło hasła | DBN |
| 9 (RLIN) | 36070 |
| 650 #7 - Hasło przedmiotowe-nazwa pospolita | |
| nazwa pospolita lub geogr. | Prezydenci |
| źródło hasła | DBN |
| 9 (RLIN) | 39664 |
| 651 #7 - Hasło przedmiotowe-nazwa geogr. | |
| nazwa geograficzna | Polska |
| źródło hasła | DBN |
| 9 (RLIN) | 35076 |
| 655 #7 - Termin określający rodzaj/formę | |
| rodzaj/forma | Album |
| źródło terminu | DBN |
| 9 (RLIN) | 35390 |
| 655 #7 - Termin określający rodzaj/formę | |
| rodzaj/forma | Biografia |
| źródło terminu | DBN |
| 9 (RLIN) | 35059 |
| 658 ## - Nazwa określająca cel programu nauczania | |
| główny cel programu nauczania | Historia |
| 700 1# - Hasło dodatkowe - nazwa osobowa | |
| nazwa osobowa | Kallas, Wojciech. |
| rodzaj współpracy | Tłumaczenie |
| 9 (RLIN) | 40843 |
| 700 1# - Hasło dodatkowe - nazwa osobowa | |
| nazwa osobowa | Supruniuk, Mirosław Adam |
| daty biograficzne | (1962- ). |
| rodzaj współpracy | Autor |
| 9 (RLIN) | 40844 |
| 710 2# - Hasło dodatkowe - nazwa ciała zbior. | |
| nazwa ciała zbior. lub nazwa geogr. | Instytut Pamięci Narodowej - Komisja Ścigania Zbrodni przeciwko Narodowi Polskiemu. |
| rodzaj współpracy | Instytucja sprawcza |
| -- | Wydawca |
| kod rodzaju współpracy | pbl |
| 9 (RLIN) | 11792 |
| 830 #0 - Hasło dod. serii i op. ks. wielotom. -tyt | |
| tytuł | Polska Emigracja Niepodległościowa 1945-1990 |
| 9 (RLIN) | 39546 |
| 920 ## - ISBN | |
| ISBN | 978-83-8098-204-8 (oprawa twarda) : zł 69,00 |
| 942 ## - ADDED ENTRY ELEMENTS (KOHA) | |
| Source of classification or shelving scheme | Dewey Decimal Classification |
| Koha item type | pozycje dostępne na miejscu |
| Status wycofania | Status zagubienia | Klasyfikacja | Status uszkodzenia | Blokada wypożyczeń | Kolekcja | Lokalizacja macierzysta | Lokalizacja bieżąca | Data nabycia | Numer akcesji | Źródło akcesji | Cena | Nr inwentarzowy | il. wypożyczeń | Sygnatura | Kod kreskowy | Date last seen | Price effective from | Typ egz. |
|---|---|---|---|---|---|---|---|---|---|---|---|---|---|---|---|---|---|---|
| Dewey Decimal Classification | nieuszkodzona | książka w magazynie | Biblioteka Instytutu Północnego w Olsztynie | Biblioteka Instytutu Północnego w Olsztynie | 30/11/2020 | D-36/2020 | dar | 69.00 | 59962 | 59962 | IPWK24066 | 29/04/2026 | 29/04/2026 | pozycje dostępne na miejscu |